UM Logo

Emotional Intelligence and Academic Achievements of Grade 7 in Digos City National High School. (Record no. 6365)

MARC details
000 -LEADER
fixed length control field 00603nam a22001577a 4500
008 - FIXED-LENGTH DATA ELEMENTS--GENERAL INFORMATION
fixed length control field 170308b xxu||||| |||| 00| 0 eng d
082 ## - DEWEY DECIMAL CLASSIFICATION NUMBER
Edition number 2016
Classification number UT 0727
Item number F76
100 ## - MAIN ENTRY--PERSONAL NAME
9 (RLIN) 19143
Personal name Formentera, Helen G.
245 ## - TITLE STATEMENT
Title Emotional Intelligence and Academic Achievements of Grade 7 in Digos City National High School.
Statement of responsibility, etc. Helen G. Formentera, Glaiza E. Giger and Lea A. Bringuer.
300 ## - PHYSICAL DESCRIPTION
Extent 38 pages;
Other physical details 29 cm.
650 #0 - SUBJECT ADDED ENTRY--TOPICAL TERM
9 (RLIN) 19144
Topical term or geographic name as entry element Education
Form subdivision English
General subdivision Undergraduate Thesis.
700 ## - ADDED ENTRY--PERSONAL NAME
9 (RLIN) 19147
Personal name Formentera, Helen G.
700 ## - ADDED ENTRY--PERSONAL NAME
9 (RLIN) 19146
Personal name Giger, Glaiza E.
700 ## - ADDED ENTRY--PERSONAL NAME
9 (RLIN) 19148
Personal name Bringuer, Lea A.
942 ## - ADDED ENTRY ELEMENTS (KOHA)
Source of classification or shelving scheme Dewey Decimal Classification
Koha item type Undergraduate Thesis
Holdings
Withdrawn status Lost status Source of classification or shelving scheme Damaged status Not for loan Home library Current library Date acquired Total Checkouts Full call number Barcode Date last seen Copy number Price effective from Koha item type
    Dewey Decimal Classification     UM Digos College - LIC UM Digos College - LIC 11/07/2016   UT 0727 F76 2016 UT0727 03/08/2017 1 03/08/2017 Undergraduate Thesis
    Dewey Decimal Classification     UM Digos College - LIC UM Digos College - LIC 02/27/2017   UT 0739 F76 2016 UT0739 04/19/2017 2 04/19/2017 Undergraduate Thesis